A más disciplina fiscal, menos pobreza (Registro nro. 1940)

Detalles MARC
000 -LEADER
fixed length control field 01246 a2200241 4500
001 - CONTROL NUMBER
control field 29691
005 - DATE AND TIME OF LATEST TRANSACTION
control field 20260407155607.0
008 - FIXED-LENGTH DATA ELEMENTS--GENERAL INFORMATION
fixed length control field 260407a2004 arg spa d
003 - CONTROL NUMBER IDENTIFIER
control field AR-UNSa-BCEJYS
040 ## - CATALOGING SOURCE
Original cataloging agency AR-UNSa-BCEJYS
Language of cataloging spa
Transcribing agency AR-UNSa-BCEJYS
080 ## - UNIVERSAL DECIMAL CLASSIFICATION NUMBER
Universal Decimal Classification number 336.5
Common auxiliary subdivision Gasto público. Gastos del estado
020 ## - INTERNATIONAL STANDARD BOOK NUMBER
International Standard Book Number 1-931003-64-5
041 ## - LANGUAGE CODE
Language code of text/sound track or separate title spa
100 1# - MAIN ENTRY--PERSONAL NAME
Personal name López-Calix, José R.
245 10 - TITLE STATEMENT
Title A más disciplina fiscal, menos pobreza
Name of part/section of a work revisión del gasto público de Perú
264 #1 - PRODUCTION, PUBLICATION, DISTRIBUTION, MANUFACTURE, AND COPYRIGHT NOTICE
Place of production, publication, distribution, manufacture Washington :
Name of producer, publisher, distributor, manufacturer Banco Interamericano de Desarrollo
Date of production, publication, distribution, manufacture, or copyright notice 2004
300 ## - PHYSICAL DESCRIPTION
Extent xvi, 212 p.
Dimensions 25 cm.
505 ## - FORMATTED CONTENTS NOTE
Formatted contents note 1. Resumen ejecutivo agenda de reforma integral de la gestión de gasto público de Perú - 2. Desafíos y vulnerabilidades fiscales de Perú - 3. Reorientar el presupuesto a favor de los pobres - 4. La eficiencia del gasto público - 5. Las promesas y los riesgos de la descentralización - 6. Mejorar la gobernabilidad y reducir la corrupción - 7. Las políticas fiscales y ambientales para la minería
590 ## - LOCAL NOTE (RLIN)
Local note niveau_biblio:m niveau_hierar:0
700 1# - ADDED ENTRY--PERSONAL NAME
Personal name Melo, Alberto
856 41 - ELECTRONIC LOCATION AND ACCESS
Uniform Resource Identifier <a href="https://biblioeco.unsa.edu.ar/pmb/images/libros/A m?s disciplina fiscal, menos pobreza-l116192.jpg">https://biblioeco.unsa.edu.ar/pmb/images/libros/A m?s disciplina fiscal, menos pobreza-l116192.jpg</a>
Link text Imagen de portada
Electronic format type image/jpeg
942 ## - ADDED ENTRY ELEMENTS (KOHA)
Koha item type
Existencias
Withdrawn status Lost status Damaged status Not for loan Home library Current library Shelving location Date acquired Total checkouts Full call number Barcode Date last seen Price effective from Koha item type
        Biblioteca Prof. Eusebio Cleto del Rey Biblioteca Prof. Eusebio Cleto del Rey   07/04/2026   336.5 L864 L116192 07/04/2026 07/04/2026 Libro